Surrender at Dacca, Birth of a Nation / (Record no. 194052)
[ view plain ]
| 000 -LEADER | |
|---|---|
| fixed length control field | 00971 a2200157 4500 |
| 003 - CONTROL NUMBER IDENTIFIER | |
| control field | Nust |
| 005 - DATE AND TIME OF LATEST TRANSACTION | |
| control field | 20230213120212.0 |
| 040 ## - CATALOGING SOURCE | |
| Transcribing agency | Nust |
| 082 ## - DEWEY DECIMAL CLASSIFICATION NUMBER | |
| Classification number | 954.92,JAC |
| 100 ## - MAIN ENTRY--PERSONAL NAME | |
| Personal name | LT Gen J F R Jacob |
| 9 (RLIN) | 108989 |
| 245 ## - TITLE STATEMENT | |
| Title | Surrender at Dacca, Birth of a Nation / |
| Statement of responsibility, etc. | Lt Gen J F R Jacob |
| 260 ## - PUBLICATION, DISTRIBUTION, ETC. | |
| Place of publication, distribution, etc. | 1997 |
| Name of publisher, distributor, etc. | Ajay kumar Jain |
| Date of publication, distribution, etc. | 1997 |
| 300 ## - PHYSICAL DESCRIPTION | |
| Extent | 263 pages |
| 505 ## - FORMATTED CONTENTS NOTE | |
| Formatted contents note | Acknowledgements (Page-6), Preface (Page-9), Early Years (Page-12), Prelude to War (Page-30), Political Developments (Page-40), Higher Command and Organization (Page-50), Evolution of Plans (Page-55), Strategy (Page-59), Logistics (Page-78), Pakistani order of battle (Page-84), Property Move and training (Page-86), Mukati Bahini (Page-90), American and Chinese Moves (Page-95), War (Page-101), Progress of Operations (page-105), Aftermath of War (Page-149), Dramaties Personae (Page-153), Lessons (Page-157), Re selections (Page-164), Envoi (Page-168), Appendices (Page-169). |
| 942 ## - ADDED ENTRY ELEMENTS (KOHA) | |
| Source of classification or shelving scheme | |
| Koha item type | Book |
| Call number prefix | 954.92,JAC |
| Withdrawn status | Lost status | Source of classification or shelving scheme | Damaged status | Not for loan | Permanent Location | Current Location | Shelving location | Date acquired | Full call number | Barcode | Date last seen | Price effective from | Koha item type | Public note |
|---|---|---|---|---|---|---|---|---|---|---|---|---|---|---|
| Military College of Signals (MCS) | Military College of Signals (MCS) | General Stacks | 12/12/2016 | 954.92,JAC | MCS27599 | 12/08/2016 | 12/12/2016 | Book | Almirah No. 62, Shelf No. 3 |
